000
00340nam a22001457a 4500
008
210310b ||||| |||| 00| 0 eng d
020
_a
2900312467349
041
_a
eng
080
_a
82
082
_a
82
100
_a
21
101
_a
GJL
245
_a
Convergences themes, texts, and images for composition
_c
Atwan,R
942
_2
udc
_c
BK
999
_c
56263
_d
56263